<?xml version="1.0" encoding="UTF-8"?>
<record
    xmlns:xsi="http://www.w3.org/2001/XMLSchema-instance"
    xsi:schemaLocation="http://www.loc.gov/MARC21/slim http://www.loc.gov/standards/marcxml/schema/MARC21slim.xsd"
    xmlns="http://www.loc.gov/MARC21/slim">

  <leader>01755cam a2200301 a 4500</leader>
  <controlfield tag="001">591894</controlfield>
  <controlfield tag="003">CO-MqBPB</controlfield>
  <controlfield tag="005">20220608132806.0</controlfield>
  <controlfield tag="008">890519s1971    sp      r     00011 spa d</controlfield>
  <datafield tag="020" ind1=" " ind2=" ">
    <subfield code="a">9789585579996</subfield>
  </datafield>
  <datafield tag="035" ind1=" " ind2=" ">
    <subfield code="a">ADH1469 LA AGW0125 PA</subfield>
  </datafield>
  <datafield tag="040" ind1=" " ind2=" ">
    <subfield code="a">CO-MqBPB</subfield>
    <subfield code="c">CO-MqBPB</subfield>
  </datafield>
  <datafield tag="041" ind1="1" ind2=" ">
    <subfield code="a">spa </subfield>
    <subfield code="h">fre</subfield>
  </datafield>
  <datafield tag="043" ind1=" " ind2=" ">
    <subfield code="a">e-fr---</subfield>
  </datafield>
  <datafield tag="082" ind1="0" ind2="4">
    <subfield code="a">AN</subfield>
    <subfield code="b">CAMm</subfield>
  </datafield>
  <datafield tag="100" ind1="1" ind2=" ">
    <subfield code="a">Camus, Albert, </subfield>
    <subfield code="d">1913-1960.</subfield>
  </datafield>
  <datafield tag="245" ind1="1" ind2="3">
    <subfield code="a">La muerte feliz / </subfield>
    <subfield code="c">Albert Camus ; traducci&#xF3;n Mar&#xED;a Teresa Gallego</subfield>
  </datafield>
  <datafield tag="250" ind1=" " ind2=" ">
    <subfield code="a">Primera edici&#xF3;n</subfield>
    <subfield code="b">Primera re impresi&#xF3;n</subfield>
  </datafield>
  <datafield tag="260" ind1=" " ind2=" ">
    <subfield code="a">Bogot&#xE1; Colombia : </subfield>
    <subfield code="b">Penguin Random House, </subfield>
    <subfield code="c">2022.</subfield>
  </datafield>
  <datafield tag="300" ind1=" " ind2=" ">
    <subfield code="a">155 p. ; </subfield>
    <subfield code="c">19  cm.</subfield>
  </datafield>
  <datafield tag="440" ind1=" " ind2="0">
    <subfield code="p">Colecci&#xF3;n DeBolsillo</subfield>
    <subfield code="v">Contempor&#xE1;nea </subfield>
  </datafield>
  <datafield tag="500" ind1=" " ind2=" ">
    <subfield code="a">Albert Camus escribi&#xF3; La muerte feliz en 1935, cuando contaba con solo veintitr&#xE9;s a&#xF1;os de edad. Pese a dejar el texto casi terminado, nunca intent&#xF3; publicarlo, y todo indica que lo aparc&#xF3; para volcarse en su siguiente proyecto, El extranjero. As&#xED; pues, hubo que esperar hasta 1971, once a&#xF1;os despu&#xE9;s de su muerte, para que el in&#xE9;dito saliera a la luz. Pero la espera no fue en vano. En sus evocaciones l&#xED;ricas del mar y el paisaje mediterr&#xE1;neo, La muerte feliz aporta claves sobre la experiencia de Camus en Argelia, mientras que su trama y sus personajes prefiguran la cosmovisi&#xF3;n que el autor expuso poco despu&#xE9;s en su &#xAB;ciclo del absurdo&#xBB;. Le&#xED;da hoy, esta notable novela de juventud no solo es imprescindible para descubrir las primeras muestras del enorme talento de Camus, sino que resulta un libro fascinante por derecho propio.&#x200B;</subfield>
  </datafield>
  <datafield tag="500" ind1=" " ind2=" ">
    <subfield code="a">Colecci&#xF3;n de Bolsillo
Contempor&#xE1;nea </subfield>
  </datafield>
  <datafield tag="534" ind1=" " ind2=" ">
    <subfield code="p">T&#xFFFD;tulo original. </subfield>
    <subfield code="t">La mort hereuse.</subfield>
  </datafield>
  <datafield tag="650" ind1=" " ind2=" ">
    <subfield code="a">Novela francesa.</subfield>
  </datafield>
  <datafield tag="942" ind1=" " ind2=" ">
    <subfield code="c">BKLIT</subfield>
  </datafield>
  <datafield tag="949" ind1=" " ind2=" ">
    <subfield code="a">n   </subfield>
    <subfield code="b">n</subfield>
  </datafield>
  <datafield tag="999" ind1=" " ind2=" ">
    <subfield code="c">14308</subfield>
    <subfield code="d">14308</subfield>
  </datafield>
  <datafield tag="952" ind1=" " ind2=" ">
    <subfield code="0">0</subfield>
    <subfield code="1">0</subfield>
    <subfield code="2">ddc</subfield>
    <subfield code="4">0</subfield>
    <subfield code="7">0</subfield>
    <subfield code="8">LA</subfield>
    <subfield code="a">BPMOS</subfield>
    <subfield code="b">BPMOS</subfield>
    <subfield code="d">2022-06-13</subfield>
    <subfield code="e">Compra BPSJBM 2022</subfield>
    <subfield code="i">NT</subfield>
    <subfield code="l">12</subfield>
    <subfield code="m">2</subfield>
    <subfield code="o">AN CAMm</subfield>
    <subfield code="p">MOS502385</subfield>
    <subfield code="q">2025-07-21</subfield>
    <subfield code="r">2025-06-17</subfield>
    <subfield code="s">2025-06-17</subfield>
    <subfield code="t">EJ. 1</subfield>
    <subfield code="w">2022-06-13</subfield>
    <subfield code="y">BKLIT</subfield>
    <subfield code="z">Quince d&#xED;as</subfield>
  </datafield>
</record>
